Управление полетом космических аппаратов: пер. с англ.; сборник статей

Bibliografski detalji
Daljnji autori: Крисс П. Ж. (редактор), Кузнецов Л. И.
Jezik:ruski
Izdano: Москва, Иностранная литература, 1963
Teme:
Format: Knjiga
KOHA link:https://koha.lib.tpu.ru/cgi-bin/koha/opac-detail.pl?biblionumber=131776

MARC

LEADER 00000nam0a2200000 4500
001 131776
005 20231031134611.0
035 |a (RuTPU)RU\TPU\book\142707 
090 |a 131776 
100 |a 20080221d1963 km y0rusy50 ca 
101 1 |a rus  |c eng 
102 |a RU 
105 |a a z 001zy 
200 1 |a Управление полетом космических аппаратов  |e пер. с англ.  |e сборник статей  |f под ред. П. Ж. Крисса , Л. И. Кузнецова 
210 |a Москва  |c Иностранная литература  |d 1963 
215 |a 464 с.  |c ил. 
320 |a Алф. указ. авт.: с. 462. 
610 1 |a статьи 
610 1 |a искусственные спутники 
610 1 |a земля 
610 1 |a управление полетами 
610 1 |a космические корабли 
610 1 |a сборники 
675 |a 629.19  |v 3 
702 1 |a Крисс  |b П. Ж.  |4 340 
702 1 |a Кузнецов  |b Л. И.  |4 340 
801 1 |a RU  |b 63413507  |c 20080221  |g PSBO 
801 2 |a RU  |b 63413507  |c 20160129  |g PSBO 
942 |c BK